[Event "SV Günnigfeld 1 - Rochade Steele/Kray "]
[Site "Verbandsklasse - Gruppe 1 201"]
[Date "2018.09.23"]
[Round "1.8"]
[White "Kampmann, Marcel"]
[Black "Peters, Guenter"]
[Result "1/2-1/2"]
[WhiteElo "1681"]
[BlackElo "1690"]
[PlyCount "57"]
[EventDate "2018.??.??"]

1. c4 Nf6 2. g3 e5 3. Nc3 Nc6 4. Nf3 d6 5. d3 Be7 6. Bg2 O-O 7. O-O Bd7 8. Bg5
Ne8 9. Bxe7 Nxe7 10. b4 Qc8 11. Re1 Nf6 12. b5 a6 13. a4 axb5 14. axb5 Rxa1 15.
Qxa1 Qa8 16. Nd2 c6 17. Qb2 Qb8 18. Rb1 c5 19. Ra1 Be6 20. Nde4 Nxe4 21. Bxe4
f5 22. Bg2 Rd8 23. Qa3 Qc7 24. Qa7 d5 25. Na4 Rc8 26. Nb6 Rd8 27. Na8 Qc8 28.
Nb6 Qc7 29. Na8 1/2-1/2

[Event "Sport Union Annen 1 - SV Horst-Emscher "]
[Site "Verbandsklasse - Gruppe 1 201"]
[Date "2018.09.23"]
[Round "1.1"]
[White "Patzer, Joerg"]
[Black "Mainka, Gregor"]
[Result "1/2-1/2"]
[WhiteElo "1855"]
[BlackElo "2187"]
[PlyCount "68"]
[EventDate "2018.??.??"]

1. f4 d5 2. b3 Nf6 3. Nf3 g6 4. e3 Bg7 5. Bb2 O-O 6. Be2 c5 7. O-O Nc6 8. Ne5
Nxe5 9. Bxe5 Ne8 10. Bxg7 Nxg7 11. Bf3 Qd6 12. Nc3 d4 13. Ne4 Qb6 14. Qe2 Bd7
15. c4 dxc3 16. dxc3 Bc6 17. Rad1 c4 18. Nd2 Bxf3 19. Qxf3 cxb3 20. axb3 Rac8
21. c4 Rfd8 22. Qe2 Rd7 23. Rb1 Nf5 24. Rfe1 Rcd8 25. Nf1 h5 26. Kh1 Rd3 27. b4
Qc6 28. c5 Qe4 29. Ng3 Nxg3+ 30. hxg3 Rd2 31. Qf3 Qxf3 32. gxf3 R8d3 33. Rec1
Rxe3 34. b5 Ree2 1/2-1/2

[Event "Sport Union Annen 1 - SV Horst-Emscher "]
[Site "Verbandsklasse - Gruppe 1 201"]
[Date "2018.09.23"]
[Round "1.2"]
[White "Wicht, Juergen"]
[Black "Hiebsch, Catalina"]
[Result "1-0"]
[WhiteElo "2001"]
[BlackElo "1753"]
[PlyCount "43"]
[EventDate "2018.??.??"]

1. d4 Nf6 2. c4 e6 3. Nf3 c5 4. d5 exd5 5. cxd5 d6 6. Nc3 Be7 7. h3 Bf5 8. e4
Bg6 9. e5 Nfd7 10. exd6 Bxd6 11. Qe2+ Qe7 12. Nb5 Be5 13. d6 Bc3+ 14. bxc3
Qxe2+ 15. Bxe2 Na6 16. Be3 f6 17. O-O Nb6 18. Rad1 Kd7 19. Nh4 Bf7 20. Nc7 Nxc7
21. dxc7+ Kxc7 22. Bf4+ 1-0

[Event "Sport Union Annen 1 - SV Horst-Emscher "]
[Site "Verbandsklasse - Gruppe 1 201"]
[Date "2018.09.23"]
[Round "1.3"]
[White "Marquardt, Guido"]
[Black "Sondermann, Dirk"]
[Result "1/2-1/2"]
[WhiteElo "1809"]
[BlackElo "1844"]
[PlyCount "52"]
[EventDate "2018.??.??"]

1. Nc3 f5 2. d4 Nf6 3. Nf3 g6 4. Bf4 Bg7 5. e3 O-O 6. h4 d6 7. h5 Nxh5 8. Rxh5
gxh5 9. Ng5 c6 10. Qxh5 h6 11. Nf3 Qe8 12. Qh2 Rf6 13. O-O-O Qf7 14. Be5 Rg6
15. Bxg7 Kxg7 16. Bd3 Rg4 17. Rh1 Qf6 18. g3 Be6 19. Nh4 Rxh4 20. gxh4 Nd7 21.
Rg1+ Kh8 22. e4 Rg8 23. Rxg8+ Kxg8 24. d5 cxd5 25. exd5 Bf7 26. Qf4 Ne5 1/2-1/2

[Event "Sport Union Annen 1 - SV Horst-Emscher "]
[Site "Verbandsklasse - Gruppe 1 201"]
[Date "2018.09.23"]
[Round "1.4"]
[White "Hartung, Thomas"]
[Black "Verfuerth, Christian"]
[Result "1-0"]
[WhiteElo "1922"]
[BlackElo "1836"]
[PlyCount "207"]
[EventDate "2018.??.??"]

1. e4 e6 2. d4 d5 3. Nc3 Bb4 4. e5 c5 5. a3 Bxc3+ 6. bxc3 Qa5 7. Bd2 Qa4 8. Qb1
c4 9. Be2 Nc6 10. Nh3 Bd7 11. O-O h6 12. f4 O-O-O 13. Qb2 f5 14. Rfb1 b6 15.
Nf2 Nge7 16. Qa2 Rdg8 17. Nd1 Na5 18. Rb4 Qc6 19. Rab1 g5 20. a4 gxf4 21. Nb2
h5 22. Bxf4 Ng6 23. Bg5 h4 24. Bf6 Nf4 25. Bf3 Rh6 26. Nd1 Nxg2 27. Bxg2 h3 28.
Ne3 f4 29. Kh1 hxg2+ 30. Nxg2 f3 31. Nh4 f2 32. Rf1 Rg4 33. Nf3 Be8 34. Rxf2
Bg6 35. h4 Be4 36. Kh2 Qe8 37. Rb1 Qh5 38. Qa3 Bxf3 39. Qf8+ Kb7 40. Rxf3 Rxh4+
41. Bxh4 Qxh4+ 42. Kg2 Qg4+ 43. Rg3 Qe2+ 44. Kg1 Qh2+ 45. Kf1 Qh1+ 46. Rg1 Qh3+
47. Ke2 Qh5+ 48. Qf3 Qe8 49. Rg7+ Ka6 50. Rb5 Rh2+ 51. Rg2 Rh5 52. Qg4 Rh1 53.
Rf2 Qe7 54. Qg8 Qh4 55. Qg6 Ra1 56. Qg2 Rxa4 57. Rb1 Ra2 58. Kd1 Nc6 59. Qh2
Qg4+ 60. Kd2 Ne7 61. Rg1 Qe4 62. Kc1 Ra1+ 63. Kb2 Rxg1 64. Qxg1 Nf5 65. Qa1+
Kb7 66. Rf1 Ne3 67. Rf7+ Kc8 68. Qa6+ Kd8 69. Qa4 b5 70. Qb4 Qxc2+ 71. Ka1 Qc1+
72. Ka2 Qc2+ 73. Ka3 Qc1+ 74. Qb2 Qxb2+ 75. Kxb2 a5 76. Ra7 b4 77. Rxa5 bxc3+
78. Kxc3 Kd7 79. Ra7+ Kd8 80. Rh7 Nf5 81. Rf7 Ke8 82. Rh7 Kd8 83. Rh3 Kd7 84.
Rf3 Kc6 85. Rf4 Kb5 86. Rg4 Kc6 87. Kb4 Kd7 88. Kc5 Ke7 89. Rg1 Kf7 90. Rf1 Ke7
91. Ra1 Kf7 92. Ra7+ Kg6 93. Rb7 Kg5 94. Rf7 Kg6 95. Rf6+ Kg5 96. Rxe6 c3 97.
Ra6 c2 98. Ra1 Ne3 99. Kd6 Kf5 100. Rc1 Ke4 101. e6 Kxd4 102. Rxc2 Nf5+ 103.
Kd7 Kd3 104. Rf2 1-0

[Event "Sport Union Annen 1 - SV Horst-Emscher "]
[Site "Verbandsklasse - Gruppe 1 201"]
[Date "2018.09.23"]
[Round "1.5"]
[White "Rebentisch, Sebastian"]
[Black "Al Ali, Mohammad"]
[Result "0-1"]
[WhiteElo "1719"]
[BlackElo "1768"]
[PlyCount "56"]
[EventDate "2018.??.??"]

1. e4 c5 2. Nf3 d6 3. d4 cxd4 4. Nxd4 g6 5. Be3 Bg7 6. Nc3 Bd7 7. Qd2 Nc6 8.
Be2 Rc8 9. h4 h5 10. f3 Nf6 11. O-O-O a6 12. Rdg1 Ne5 13. Nb3 Bc6 14. Kb1 Qc7
15. Rd1 b5 16. a3 d5 17. Nc5 dxe4 18. fxe4 O-O 19. Bf4 Nfd7 20. Nxd7 Qxd7 21.
Bxe5 Qxd2 22. Rxd2 Bxe5 23. Nd5 Bxd5 24. exd5 Rfd8 25. Bf3 Rc4 26. Rh3 e6 27.
b3 Rc3 28. Kc1 Bf4 0-1

[Event "Sport Union Annen 1 - SV Horst-Emscher "]
[Site "Verbandsklasse - Gruppe 1 201"]
[Date "2018.09.23"]
[Round "1.6"]
[White "Jeschke, Holger"]
[Black "Schreiner, Paulo"]
[Result "1-0"]
[WhiteElo "1892"]
[BlackElo "1715"]
[PlyCount "77"]
[EventDate "2018.??.??"]

1. b4 e5 2. Bb2 Bxb4 3. f4 exf4 4. Bxg7 Qh4+ 5. g3 fxg3 6. Bg2 gxh2+ 7. Kf1
hxg1=Q+ 8. Kxg1 Qg4 9. Bxh8 Ne7 10. Rxh7 Qg8 11. Rh5 Qg4 12. Rh3 Ng6 13. Bf6
Nc6 14. c3 Be7 15. Qf1 Bxf6 16. Qxf6 Qf4 17. Qg7 Nce7 18. Rh8+ Nxh8 19. Qxh8+
Ng8 20. Qxg8+ Ke7 21. e3 Qd6 22. d4 Qh6 23. Kf2 Qf6+ 24. Ke2 b6 25. Bxa8 Ba6+
26. Kd2 Qf2+ 27. Kc1 Qxe3+ 28. Kb2 Qe2+ 29. Ka3 Qe3 30. Qg2 Qc1+ 31. Qb2 Qg5
32. Qb4+ d6 33. d5 Bd3 34. Qb2 Qe3 35. Nd2 Qc5+ 36. Qb4 Qe3 37. Nb3 a5 38. Qh4+
f6 39. Re1 1-0

[Event "Sport Union Annen 1 - SV Horst-Emscher "]
[Site "Verbandsklasse - Gruppe 1 201"]
[Date "2018.09.23"]
[Round "1.7"]
[White "Weichert, Eddy"]
[Black "Lauer, Boris"]
[Result "1-0"]
[WhiteElo "1716"]
[BlackElo "1845"]
[PlyCount "101"]
[EventDate "2018.??.??"]

1. e4 e6 2. d4 d5 3. Nd2 dxe4 4. Nxe4 Be7 5. Nf3 Nf6 6. Nxf6+ Bxf6 7. Bd3 Nd7
8. c3 O-O 9. O-O Re8 10. Re1 g6 11. Bf4 b6 12. Bb5 Bb7 13. Qa4 Re7 14. Ne5 Bxe5
15. dxe5 Nc5 16. Qc2 c6 17. Bf1 Rd7 18. Rad1 Qe7 19. b4 Rxd1 20. Rxd1 Na6 21.
Qd2 b5 22. Bg5 Qe8 23. Bf6 Nc7 24. c4 bxc4 25. Bxc4 Nd5 26. Bxd5 cxd5 27. Qf4
Qf8 28. h4 h6 29. Rc1 Rc8 30. Rxc8 Bxc8 31. b5 Kh7 32. Qc1 Qe8 33. Qc7 Qd7 34.
Qc5 Kg8 35. Kf1 Bb7 36. a4 Qc8 37. Qxa7 Qc1+ 38. Ke2 Qc2+ 39. Ke3 Qc1+ 40. Kf3
Qc3+ 41. Kf4 g5+ 42. hxg5 hxg5+ 43. Kg4 Qc2 44. Qd4 Qf5+ 45. Kg3 Kf8 46. a5 Qb1
47. Qc5+ Kg8 48. a6 Qe4 49. Bxg5 Qxe5+ 50. f4 Qe1+ 51. Kh2 1-0

[Event "Sport Union Annen 1 - SV Horst-Emscher "]
[Site "Verbandsklasse - Gruppe 1 201"]
[Date "2018.09.23"]
[Round "1.8"]
[White "Leckebusch, Hans Peter"]
[Black "Karabueguel, Okan"]
[Result "1-0"]
[WhiteElo "1720"]
[BlackElo "1710"]
[PlyCount "101"]
[EventDate "2018.??.??"]

1. d4 b6 2. Nf3 Bb7 3. e3 e6 4. Be2 f5 5. b3 Nf6 6. Bb2 Be7 7. Nbd2 O-O 8. O-O
Ne4 9. c4 d6 10. Qc2 Nd7 11. Bd3 Ndf6 12. b4 Rc8 13. Qb3 c5 14. a3 Qd7 15. Be2
g5 16. Rfd1 g4 17. Nxe4 Nxe4 18. Nd2 Bc6 19. b5 Bb7 20. Nxe4 Bxe4 21. a4 cxd4
22. Bxd4 Qb7 23. Bf1 d5 24. Rac1 Bd6 25. cxd5 Bxd5 26. Bc4 Rxc4 27. Rxc4 Qe7
28. g3 Qg5 29. Qd3 f4 30. exf4 Qh5 31. Rc6 Rf5 32. Rxd6 Qxh2+ 33. Kf1 Qh1+ 34.
Ke2 Bf3+ 35. Kd2 Qxd1+ 36. Kc3 Qc1+ 37. Kb4 Qe1+ 38. Qc3 Qb1+ 39. Ka3 Bd5 40.
Qc8+ Rf8 41. Qc3 Qa2+ 42. Kb4 Qb1+ 43. Qb2 Qe1+ 44. Ka3 Rc8 45. Bh8 Kf7 46.
Qg7+ Ke8 47. Qd7+ Kf8 48. Qxc8+ Kf7 49. Rd7+ Kg6 50. Qg8+ Kf5 51. Qxh7# 1-0

[Event "SC Werl 1981 1 - SG Mengede 1"]
[Site "Verbandsklasse - Gruppe 1 201"]
[Date "2018.09.23"]
[Round "1.1"]
[White "Pauling, Markus"]
[Black "Schwarzkopf, Christian"]
[Result "1/2-1/2"]
[WhiteElo "2182"]
[BlackElo "2041"]
[PlyCount "81"]
[EventDate "2018.??.??"]

1. d4 d5 2. Nf3 Nc6 3. Bf4 Bg4 4. Nbd2 e6 5. c3 Bd6 6. Bg3 Nh6 7. e4 Bxg3 8.
hxg3 f5 9. Qa4 fxe4 10. Rxh6 gxh6 11. Ne5 e3 12. fxe3 Qg5 13. Be2 Bxe2 14. Kxe2
O-O 15. Nxc6 bxc6 16. Qxc6 Qg4+ 17. Kd3 Rab8 18. b4 Qg6+ 19. e4 Qxg3+ 20. Kc2
Rb6 21. Qd7 Qd6 22. Qxd6 Rxd6 23. e5 Rd7 24. Rh1 Kg7 25. Nf3 Rf4 26. a4 Rg4 27.
Rh2 Rf7 28. Kb3 c6 29. c4 Re4 30. cxd5 cxd5 31. b5 Re3+ 32. Kb4 Re2 33. Rh3 Rc2
34. Rg3+ Kf8 35. Ka5 Ra2 36. Rh3 Rxg2 37. Ka6 Ra2 38. a5 Ra3 39. Ng1 Ra1 40.
Nf3 Ra3 41. Ng1 1/2-1/2

[Event "SC Werl 1981 1 - SG Mengede 1"]
[Site "Verbandsklasse - Gruppe 1 201"]
[Date "2018.09.23"]
[Round "1.2"]
[White "Karmainski, Andreas"]
[Black "Borgschulze, Maik"]
[Result "1/2-1/2"]
[WhiteElo "2116"]
[BlackElo "2134"]
[Annotator "Daniel"]
[PlyCount "44"]
[EventDate "2018.??.??"]

1. e4 e6 2. d4 d5 3. exd5 exd5 4. Nf3 Bd6 5. c4 Nf6 6. Nc3 O-O 7. cxd5 Re8+ 8.
Be2 Nbd7 9. O-O Nb6 10. Bg5 a6 11. Re1 Be7 12. Ne5 Nfxd5 13. Bxe7 Rxe7 14. Nxd5
Nxd5 15. Bc4 Be6 16. Qf3 $11 c6 17. Rad1 Qb6 18. Bb3 Rd8 19. Qg3 Rde8 20. Ng4
Bxg4 21. Rxe7 Nxe7 22. Qxg4 Qd8 1/2-1/2

[Event "SC Werl 1981 1 - SG Mengede 1"]
[Site "Verbandsklasse - Gruppe 1 201"]
[Date "2018.09.23"]
[Round "1.3"]
[White "Weinert, Christian"]
[Black "Stolle, Dietmar"]
[Result "0-1"]
[WhiteElo "1987"]
[BlackElo "2008"]
[PlyCount "58"]
[EventDate "2018.??.??"]

1. c4 e5 2. g3 Nc6 3. Bg2 g6 4. Nc3 Bg7 5. e3 d6 6. Nge2 Be6 7. d3 Qd7 8. Nd5
Nd8 9. e4 c6 10. Ne3 Bh3 11. Bf3 Nf6 12. Ng1 Be6 13. h4 d5 14. Bg2 O-O 15. Nf3
dxe4 16. Nxe5 Qd4 17. f4 exf3 18. Nxf3 Qd6 19. Kf2 Nh5 20. Nf1 Bf5 21. d4 Ne6
22. Be3 Rad8 23. Qa4 Nf6 24. c5 Ne4+ 25. Kg1 Qb8 26. Kh2 Nf6 27. Ng5 Ng4+ 28.
Kg1 Nxd4 29. Bf4 Ne2# 0-1

[Event "SC Werl 1981 1 - SG Mengede 1"]
[Site "Verbandsklasse - Gruppe 1 201"]
[Date "2018.09.23"]
[Round "1.4"]
[White "Lampe, Thomas"]
[Black "Delvos, Thorsten"]
[Result "0-1"]
[WhiteElo "1967"]
[BlackElo "1972"]
[PlyCount "82"]
[EventDate "2018.??.??"]

1. e4 c5 2. b4 b6 3. bxc5 bxc5 4. Nf3 Nc6 5. Bb5 Bb7 6. Nc3 Nd4 7. Ba4 Nf6 8.
d3 g6 9. Rb1 Bc6 10. Bxc6 dxc6 11. O-O Bg7 12. Be3 O-O 13. Na4 Nd7 14. c3 Nb5
15. Rc1 Qa5 16. Bd2 c4 17. Re1 Nb6 18. Nxb6 axb6 19. dxc4 Nd6 20. Qb3 Qxa2 21.
Qxa2 Rxa2 22. c5 Nc4 23. Be3 Nxe3 24. Rxe3 Bh6 25. cxb6 Bxe3 26. fxe3 Rb8 27.
Rb1 Ra6 28. b7 Ra7 29. Ne5 Raxb7 30. Rxb7 Rxb7 31. Nxc6 Rc7 32. Nd4 Rxc3 33.
Kf2 e5 34. Nb5 Rc2+ 35. Kf3 f6 36. Na3 Rc5 37. Ke2 Kf7 38. Kd2 Ke6 39. Nb1 Rb5
40. Na3 Rb4 41. Ke2 Rxe4 0-1

[Event "SC Werl 1981 1 - SG Mengede 1"]
[Site "Verbandsklasse - Gruppe 1 201"]
[Date "2018.09.23"]
[Round "1.5"]
[White "Kraus, Reinhard"]
[Black "Beulertz, Stefan"]
[Result "0-1"]
[WhiteElo "1733"]
[BlackElo "1994"]
[PlyCount "102"]
[EventDate "2018.??.??"]

1. c4 f5 2. Nc3 Nf6 3. g3 d6 4. Bg2 e5 5. d3 Be7 6. e4 c6 7. Nge2 O-O 8. O-O
fxe4 9. Nxe4 Nxe4 10. dxe4 Be6 11. b3 Nd7 12. f4 Qb6+ 13. Kh1 Nf6 14. f5 Bf7
15. Nc3 Rfd8 16. g4 d5 17. exd5 cxd5 18. Nxd5 Nxd5 19. cxd5 Qc5 20. Bb2 Bxd5
21. Bxd5+ Rxd5 22. Qf3 Rad8 23. Rac1 Qd6 24. Rc2 Bg5 25. Re1 Qb4 26. Qe4 Qxe4+
27. Rxe4 Bf4 28. Rce2 Rd2 29. Kg2 R8d5 30. h3 Kf7 31. Kf2 Rxe2+ 32. Rxe2 Kf6
33. Ba3 Rd3 34. Bc5 Rxh3 35. Bxa7 Kg5 36. Bb8 Kxg4 37. Re4 Kxf5 38. Rb4 Rh2+
39. Kf1 Rxa2 40. Rxb7 g5 41. Rxh7 Rb2 42. Rb7 g4 43. b4 g3 44. Ba7 Ke4 45. Rd7
Rxb4 46. Rd1 Rb2 47. Re1+ Kf3 48. Bc5 Rc2 49. Bf2 Rxf2+ 50. Kg1 e4 51. Rd1 Be3
0-1

[Event "SC Werl 1981 1 - SG Mengede 1"]
[Site "Verbandsklasse - Gruppe 1 201"]
[Date "2018.09.23"]
[Round "1.6"]
[White "Vieweger, Torsten"]
[Black "Ewers, Christian"]
[Result "1/2-1/2"]
[WhiteElo "1892"]
[BlackElo "1733"]
[PlyCount "43"]
[EventDate "2018.??.??"]

1. d4 Nf6 2. Nc3 g6 3. e4 d6 4. f3 Bg7 5. Be3 c6 6. Qd2 h6 7. O-O-O Qa5 8. Kb1
Nbd7 9. g4 a6 10. Nge2 b5 11. Nc1 b4 12. N3e2 c5 13. Nb3 Qc7 14. dxc5 dxc5 15.
Nxc5 Nxc5 16. Bxc5 Bxg4 17. Qxb4 Rb8 18. Qc3 Bxf3 19. Qxf3 Qxc5 20. e5 Qxe5 21.
Qc6+ Kf8 22. Nd4 1/2-1/2

[Event "SC Werl 1981 1 - SG Mengede 1"]
[Site "Verbandsklasse - Gruppe 1 201"]
[Date "2018.09.23"]
[Round "1.7"]
[White "Wiktor, Reinhard"]
[Black "Brunberg, Ingo"]
[Result "1-0"]
[WhiteElo "1718"]
[BlackElo "1801"]
[PlyCount "79"]
[EventDate "2018.??.??"]

1. d4 Nf6 2. c4 d6 3. Nc3 g6 4. e4 Bg7 5. f3 O-O 6. Be3 e5 7. Nge2 Nc6 8. d5
Ne7 9. Qd2 Ne8 10. g4 f5 11. exf5 gxf5 12. g5 f4 13. Bf2 Kh8 14. h4 Rg8 15. Nc1
Bf8 16. Bd3 Bf5 17. Ne4 Qd7 18. Qc2 Bxe4 19. Bxe4 Rg7 20. Ne2 c6 21. Nc3 Nc7
22. Rd1 c5 23. Bd3 b5 24. b3 bxc4 25. bxc4 Nc8 26. Bf5 Qf7 27. Bd3 Nb6 28. Ne4
Be7 29. h5 Qe8 30. h6 Rg8 31. Bh4 Qa4 32. Qxa4 Nxa4 33. Nf6 Bxf6 34. gxf6 Raf8
35. Rb1 Rg2 36. Rb7 Nb2 37. Bf1 Rc2 38. f7 Rc1+ 39. Kd2 Rd1+ 40. Kc2 1-0

[Event "SC Werl 1981 1 - SG Mengede 1"]
[Site "Verbandsklasse - Gruppe 1 201"]
[Date "2018.09.23"]
[Round "1.8"]
[White "Scheibe, Andreas"]
[Black "Ropel, Dennis"]
[Result "1-0"]
[WhiteElo "1788"]
[BlackElo "1579"]
[PlyCount "93"]
[EventDate "2018.??.??"]

1. Nf3 Nf6 2. c4 c5 3. g3 g6 4. Bg2 Bg7 5. a3 Nc6 6. Nc3 O-O 7. Rb1 a5 8. O-O
d6 9. d3 h6 10. Bd2 e5 11. Ne1 Be6 12. Nc2 Rc8 13. b4 axb4 14. axb4 b6 15. Qc1
Kh7 16. Qa3 Nd4 17. Ne3 Ng8 18. bxc5 bxc5 19. Rb7 Ra8 20. Qb2 Ne7 21. Ra1 Rxa1+
22. Qxa1 Nec6 23. Ned5 Na5 24. Ra7 Nab3 25. Qb2 Nxd2 26. Qxd2 Kh8 27. e3 Nf5
28. Nc7 Bc8 29. N3d5 Qg5 30. Nc3 h5 31. Ne4 Qd8 32. Nb5 Qb6 33. Ng5 Kg8 34. Bd5
Nh6 35. Qa5 Qxa5 36. Rxa5 Bf5 37. e4 Be6 38. Nxe6 fxe6 39. Bxe6+ Kh8 40. Nxd6
Rf6 41. Ra8+ Bf8 42. Nf7+ Nxf7 43. Rxf8+ Kg7 44. Rxf7+ Rxf7 45. Bxf7 Kxf7 46.
f4 Kf6 47. h4 1-0

[Event "SV Wattenscheid 3 - SV Königsspringer "]
[Site "Verbandsklasse - Gruppe 1 201"]
[Date "2018.09.23"]
[Round "1.1"]
[White "Czarnik, Jozef"]
[Black "Leveikina, Jevgenija"]
[Result "1/2-1/2"]
[WhiteElo "1888"]
[BlackElo "2035"]
[PlyCount "47"]
[EventDate "2018.??.??"]

1. e4 c6 2. d4 d5 3. Nc3 dxe4 4. Nxe4 Bf5 5. Ng3 Bg6 6. Nh3 Nf6 7. Nf4 e5 8.
Nxg6 hxg6 9. Be3 Nbd7 10. Bc4 exd4 11. Bxd4 Qe7+ 12. Qe2 Qxe2+ 13. Nxe2 b5 14.
Bd3 Nc5 15. O-O-O O-O-O 16. h3 Kb7 17. Rhe1 Rh5 18. Bxc5 Bxc5 19. Nf4 Rh4 20.
g3 Rhh8 21. Bf1 Rxd1+ 22. Kxd1 Rd8+ 23. Nd3 Rd7 24. Kc1 1/2-1/2

[Event "SV Wattenscheid 3 - SV Königsspringer "]
[Site "Verbandsklasse - Gruppe 1 201"]
[Date "2018.09.23"]
[Round "1.2"]
[White "Wolf, Ulrich"]
[Black "Lombardi, Marco"]
[Result "1-0"]
[WhiteElo "2041"]
[BlackElo "1784"]
[PlyCount "115"]
[EventDate "2018.??.??"]

1. e4 c5 2. Nf3 d6 3. c4 Nf6 4. Nc3 e6 5. d4 cxd4 6. Nxd4 Be7 7. Be2 Nbd7 8.
O-O Nc5 9. f3 O-O 10. Be3 a6 11. Rc1 Bd7 12. b4 e5 13. bxc5 exd4 14. cxd6 dxe3
15. dxe7 Qxe7 16. Qd4 Be6 17. Qxe3 Rac8 18. Nd1 Rc6 19. Nb2 Rfc8 20. Rcd1 h6
21. Rd2 Nd7 22. Rc1 Ne5 23. Rdc2 b5 24. Qd4 Qc5 25. Qxc5 Rxc5 26. Kf2 f6 27.
Ke3 Nxc4+ 28. Nxc4 bxc4 29. Kd4 Ra5 30. Kc3 Ra4 31. Rb1 Rc7 32. Rb4 Ra5 33.
Bxc4 Rh5 34. h3 a5 35. Rb8+ Kh7 36. Kd3 Rhc5 37. Bb3 Rxc2 38. Bxc2 Bxa2 39. Bb3
Bxb3 40. Rxb3 Rc1 41. Ra3 Rg1 42. Ra2 Kg6 43. Ke3 Rb1 44. Rxa5 Rb2 45. g3 Kf7
46. h4 Rb3+ 47. Kf4 Rc3 48. h5 Rb3 49. Ra7+ Kf8 50. Kg4 Rb4 51. Ra5 Kf7 52. Kf5
Rb3 53. Ra7+ Kf8 54. Kg6 Rxf3 55. Rf7+ Ke8 56. Rxg7 Rxg3+ 57. Kxh6 Rh3 58. Kg6
1-0

[Event "SV Wattenscheid 3 - SV Königsspringer "]
[Site "Verbandsklasse - Gruppe 1 201"]
[Date "2018.09.23"]
[Round "1.3"]
[White "Schulz, Alfons"]
[Black "Thelen, Thomas"]
[Result "0-1"]
[WhiteElo "1838"]
[BlackElo "1979"]
[PlyCount "62"]
[EventDate "2018.??.??"]

1. e4 c5 2. Nf3 d6 3. d4 cxd4 4. Nxd4 Nf6 5. Nc3 a6 6. Bc4 e6 7. Bb3 Be7 8. Be3
O-O 9. g4 Nc6 10. g5 Nd7 11. Rg1 Nc5 12. Qh5 Qa5 13. O-O-O Nxb3+ 14. cxb3 Bd7
15. Kb1 b5 16. Nf5 b4 17. Nxe7+ Nxe7 18. Rxd6 Qc7 19. Rxd7 Qxd7 20. Rd1 Qc6 21.
Na4 Qxe4+ 22. Ka1 Nf5 23. Nc5 Qh4 24. Qf3 Nxe3 25. Qxe3 Rfd8 26. Nd7 Qg4 27. f3
Qf5 28. Rd4 Qb5 29. Qd2 Qf1+ 30. Qd1 Qxd1+ 31. Rxd1 Kh8 0-1

[Event "SV Wattenscheid 3 - SV Königsspringer "]
[Site "Verbandsklasse - Gruppe 1 201"]
[Date "2018.09.23"]
[Round "1.4"]
[White "Peter, Thomas"]
[Black "Michalicek, Roland"]
[Result "1-0"]
[WhiteElo "2149"]
[BlackElo "1845"]
[PlyCount "63"]
[EventDate "2018.??.??"]

1. e4 e5 2. Nf3 Nf6 3. Nc3 Bb4 4. d3 d5 5. Bd2 O-O 6. exd5 Nxd5 7. Nxd5 Bxd2+
8. Qxd2 Qxd5 9. Be2 Nc6 10. O-O Bg4 11. Qg5 f5 12. h3 Bxf3 13. Bxf3 Qb5 14. c3
Rae8 15. a4 Qxb2 16. Rab1 Qxc3 17. Rfc1 Qxd3 18. Rxb7 h6 19. Qg6 Ne7 20. Qe6+
Kh8 21. Rcxc7 e4 22. Rxe7 Rxe7 23. Qxe7 Rg8 24. Bh5 f4 25. Bg6 Qd1+ 26. Kh2 e3
27. Qf7 Qd6 28. Rd7 Qb8 29. Bd3 f3+ 30. g3 exf2 31. Qf4 f1=Q 32. Qxh6+ 1-0

[Event "SV Wattenscheid 3 - SV Königsspringer "]
[Site "Verbandsklasse - Gruppe 1 201"]
[Date "2018.09.23"]
[Round "1.5"]
[White "Eusgeld, Michael"]
[Black "Doehmann, Joerg"]
[Result "0-1"]
[WhiteElo "1811"]
[BlackElo "1717"]
[PlyCount "22"]
[EventDate "2018.??.??"]

1. d4 d5 2. c4 e6 3. Bf4 Nf6 4. e3 Be7 5. Nf3 O-O 6. Nc3 Nbd7 7. Nb5 c6 8. Nc7
e5 9. dxe5 Qxc7 10. exf6 Qa5+ 11. Qd2 Bb4 0-1

[Event "SV Wattenscheid 3 - SV Königsspringer "]
[Site "Verbandsklasse - Gruppe 1 201"]
[Date "2018.09.23"]
[Round "1.6"]
[White "Schlee, Ulrich"]
[Black "Backmann, Hans"]
[Result "1-0"]
[WhiteElo "1704"]
[BlackElo "1729"]
[PlyCount "75"]
[EventDate "2018.??.??"]

1. e4 c5 2. Nc3 e6 3. g3 a6 4. Bg2 Qc7 5. d3 d6 6. Be3 Nd7 7. f4 Ngf6 8. h3 Be7
9. Qd2 Rb8 10. Nf3 b5 11. O-O Bb7 12. Rae1 O-O 13. Kh2 b4 14. Nd1 c4 15. Ba7
Rbc8 16. Bd4 cxd3 17. cxd3 Qa5 18. b3 Qb5 19. Ne3 Rfe8 20. Rc1 Nc5 21. Nc4 Nfd7
22. Ba1 Qc6 23. Qxb4 Qb5 24. Qd2 Ba8 25. Nd4 Qb7 26. Rf2 Qa7 27. f5 e5 28. f6
Nxf6 29. Nf5 Nxd3 30. Qg5 Bf8 31. Nh6+ Kh8 32. Rxf6 gxh6 33. Qf5 Rc7 34. Rf1
Nc5 35. Nxd6 Bxd6 36. Rxd6 Ne6 37. Qxe5+ f6 38. Qxf6+ 1-0

[Event "SV Wattenscheid 3 - SV Königsspringer "]
[Site "Verbandsklasse - Gruppe 1 201"]
[Date "2018.09.23"]
[Round "1.7"]
[White "Struebig, Dominik"]
[Black "Buechle, Regina"]
[Result "1/2-1/2"]
[WhiteElo "1702"]
[BlackElo "1681"]
[PlyCount "56"]
[EventDate "2018.??.??"]

1. e4 c5 2. Nf3 d6 3. d4 cxd4 4. Nxd4 Nf6 5. Nc3 e6 6. Be2 a6 7. O-O Be7 8. Be3
O-O 9. Kh1 Nc6 10. f4 Qc7 11. Nf3 b5 12. a3 Bb7 13. f5 Ne5 14. fxe6 fxe6 15.
Ng5 Qd7 16. Bf4 h6 17. Nh3 Rad8 18. Qd4 Neg4 19. Qd3 e5 20. Bg3 Qe8 21. Nf2
Nxf2+ 22. Rxf2 Qg6 23. Bf3 Nh5 24. Bxh5 Qxh5 25. Nd5 Bh4 26. Raf1 Rxf2 27. Bxf2
Bxf2 28. Rxf2 Qg4 1/2-1/2

[Event "SV Wattenscheid 3 - SV Königsspringer "]
[Site "Verbandsklasse - Gruppe 1 201"]
[Date "2018.09.23"]
[Round "1.8"]
[White "Jenderny, Dietmar"]
[Black "Dreckmann, Guenter"]
[Result "1-0"]
[WhiteElo "1760"]
[BlackElo "1605"]
[PlyCount "67"]
[EventDate "2018.??.??"]

1. Nf3 Nf6 2. g3 d5 3. Bg2 Nbd7 4. d4 g6 5. b3 Bg7 6. Bb2 O-O 7. O-O c5 8. e3
Ne4 9. Nbd2 Ndf6 10. Ne5 Qa5 11. Ndf3 Bf5 12. dxc5 Qxc5 13. Bd4 Qc7 14. c4 Nc5
15. cxd5 Nce4 16. Rc1 Qd6 17. Nc4 Qxd5 18. Qe2 Qb5 19. Qb2 Rfd8 20. Rfd1 Nh5
21. h3 Nhf6 22. Nfd2 Ng5 23. g4 Bd7 24. a4 Qa6 25. Ne5 h5 26. f4 Ne6 27. Bf1
Qd6 28. Ndc4 Qb8 29. Bg2 hxg4 30. hxg4 Nxd4 31. Rxd4 Nxg4 32. Qe2 Nf6 33. Rcd1
Qc7 34. Qd2 1-0

[Event "SC Mülheim 1 - DJK Wacker Bergeborbeck"]
[Site "Verbandsklasse - Gruppe 1 201"]
[Date "2018.09.23"]
[Round "1.1"]
[White "Landscheidt, Heinz"]
[Black "Viebahn, Dirk"]
[Result "1/2-1/2"]
[WhiteElo "1848"]
[BlackElo "2117"]
[PlyCount "53"]
[EventDate "2018.??.??"]

1. Nf3 Nf6 2. c4 g6 3. Nc3 d5 4. cxd5 Nxd5 5. e4 Nxc3 6. dxc3 Qxd1+ 7. Kxd1 Bg7
8. Bf4 c6 9. Kc2 Nd7 10. Be2 O-O 11. Rhd1 Nc5 12. Nd2 f5 13. Be3 Nxe4 14. Nxe4
fxe4 15. Bc4+ Kh8 16. a4 Bf5 17. h3 g5 18. g4 Bg6 19. Kb3 Bf6 20. Rd7 b6 21.
Rad1 b5 22. axb5 cxb5 23. Bd5 Rad8 24. Be6 Rxd7 25. Rxd7 a5 26. Rb7 b4 27. cxb4
1/2-1/2

[Event "SC Mülheim 1 - DJK Wacker Bergeborbeck"]
[Site "Verbandsklasse - Gruppe 1 201"]
[Date "2018.09.23"]
[Round "1.2"]
[White "Achenbach, Manfred"]
[Black "Grodotzki, Thomas"]
[Result "1/2-1/2"]
[WhiteElo "1893"]
[BlackElo "1964"]
[Annotator "Daniel"]
[PlyCount "92"]
[EventDate "2018.??.??"]

1. Nf3 c5 2. c4 Nc6 3. g3 Nf6 4. Bg2 e5 5. d3 h6 6. O-O Be7 7. Nc3 d6 8. Nd5
Rb8 9. Nxe7 Qxe7 10. e3 O-O 11. a3 a6 12. Bd2 Bd7 13. b4 b6 14. Bc3 Ne8 15. Qc2
Nc7 16. d4 e4 17. Nh4 Rfe8 18. d5 Ne5 19. Qxe4 Qf8 20. bxc5 bxc5 21. Rab1 f5
22. Qc2 Nxc4 23. Rxb8 Rxb8 24. Bxg7 Qxg7 25. Qxc4 Qe5 26. Re1 Nb5 27. Rb1 Rd8
28. Rf1 Nc7 29. a4 Rb8 $11 30. Qe2 Be8 31. e4 Rb2 32. Qe3 fxe4 33. Qxh6 Nxd5
34. Rd1 Nf6 35. Ng6 Bxg6 36. Qxg6+ Kf8 37. Bf1 Rb7 38. Qh6+ Rg7 39. Bxa6 Ng4
40. Qxd6+ Qxd6 41. Rxd6 Rf7 42. Bb5 Nxf2 43. a5 e3 44. a6 Ne4 45. Rd8+ Kg7 46.
Re8 Nd6 1/2-1/2